| 000 | 00000nas 2200000za 4500 |
| 001 | 9.831502 |
| 003 | CaOODSP |
| 005 | 20221107145751 |
| 007 | cr ||||||||||| |
| 008 | 170131d19811984oncar p oss f0###a0eng|d |
| 022 | |y0319-8987 |
| 040 | |aCaOODSP|beng |
| 041 | |aeng|afre |
| 043 | |an-cn--- |
| 086 | 1 |aCS42-218-PDF |
| 245 | 00|aShipbuilding and boatbuilding |h[electronic resource] = |bConstruction de navires et d'embarcations. |
| 246 | 11|aConstruction de navires et d'embarcations |
| 260 | |aOttawa : |bStatistics Canada, Manufacturing and Primary Industries Division, Machinery, Wood and Metal Products Section = Statistique Canada, Division des industries manufacturières et primaires, Section des machines, du bois et des produits en métal, |c1983-1986. |
| 310 | |aAnnual |
| 362 | 0 |a1981-1984. |
| 490 | 0 |aAnnual census of manufactures = Recensement annuel des manufactures |
| 500 | |aDigitized edition from print [produced by Statistics Canada]. |
| 520 | |a"This industry includes establishments primarily engaged in building and repairing all types of ships of more than five tons displacement. Included also are floating drilling or production platforms"--Introduction, 1981. |
| 546 | |aText in English and French. |
| 550 | |aIssued 1983-1984 by Census of Manufactures Section. |
| 580 | |aMerger of: Boatbuilding and repair (Final); and, Shipbuilding and repair (Final). |
| 580 | |aMerged with: Aircraft and aircraft parts manufacturers (Final); Motor vehicle parts and accessories manufacturers (Final); Railroad rolling stock industry (Final); Truck body and trailer manufacturers; and, Motor vehicle industries, to become: Transportation equipment industries (Ottawa, Ont.). |
| 692 | 07|2gccst|aShipbuilding |
| 692 | 07|2gccst|aStatistics |
| 710 | 1 |aCanada. |bStatistics Canada. |bCensus of Manufactures Section. |
| 710 | 1 |aCanada. |bStatistics Canada. |bMachinery, Wood and Metal Products Section. |
| 780 | 00|tBoatbuilding and repair |w(CaOODSP)9.829676 |
| 780 | 00|tShipbuilding and repair |w(CaOODSP)9.829683 |
| 785 | 00|tTransportation equipment industries |w(CaOODSP)9.831520 |
| 792 | |tShipbuilding and boatbuilding |efre|w(CaOODSP)9.831504 |